[Event "ESP-ch rapid"]
[Site "Linares"]
[Date "2019.08.24"]
[Round "7"]
[White "Lazaro Lopez, Mario"]
[Black "Vega Gutierrez, Belinda Vidina"]
[Result "1/2-1/2"]
[WhiteElo "1822"]
[BlackElo "2133"]
[PlyCount "53"]
[EventDate "2019.08.24"]
[EventType "swiss (rapid)"]
[EventRounds "9"]
[EventCountry "ESP"]
[SourceTitle "EXT 2020"]
[Source "ChessBase"]
[SourceDate "2019.10.17"]
[SourceVersion "1"]
[SourceVersionDate "2019.10.17"]
[SourceQuality "1"]

1. d4 d5 2. Bf4 e6 3. e3 c5 4. c3 Nc6 5. Nd2 Nf6 6. Ngf3 Be7 7. Bd3 c4 8. Bc2 b5 9. Ne5 Bb7 10. a3 a5 11. Qf3 b4 12. g4 Nxe5 13. Bxe5 h6 14. h4 Bd6 15. Ba4+ Kf8 16. Rg1 Bxe5 17. dxe5 Nd7 18. Nxc4 Nc5 19. Nd6 Qc7 20. Bc2 Ba6 21. Rd1 bxc3 22. bxc3 Ne4 23. Bxe4 Qxc3+ 24. Rd2 Qa1+ 25. Rd1 Qc3+ 26. Rd2 Qc7 27. Bc2 1/2-1/2

[Event "Gibraltar U16 op"]
[Site "Caleta"]
[Date "2017.08.20"]
[Round "5"]
[White "Finn, Thomas"]
[Black "Lazaro Lopez, Mario"]
[Result "1-0"]
[WhiteElo "1751"]
[BlackElo "1564"]
[PlyCount "67"]
[EventDate "2017.08.18"]
[EventType "swiss"]
[EventRounds "6"]
[EventCountry "GGB"]
[SourceTitle "CBM 180 Extra"]
[Source "ChessBase"]
[SourceDate "2017.10.06"]
[SourceVersion "1"]
[SourceVersionDate "2017.10.06"]
[SourceQuality "1"]

1. Nc3 d5 2. e4 d4 3. Nce2 c5 4. Ng3 Nc6 5. Nf3 Nf6 6. Bc4 a6 7. d3 b5 8. Bb3 e6 9. 0-0 Bb7 10. Re1 Qc7 11. Qe2 Be7 12. Bg5 0-0 13. Rad1 Rfe8 14. e5 Nd5 15. Bxd5 exd5 16. Bxe7 Nxe7 17. e6 f6 18. Nh4 Qf4 19. Qh5 g6 20. Ne2 Qd6 21. Qh6 Bc8 22. Nf4 a5 23. Nfxg6 Nxg6 24. Nxg6 Bxe6 25. Nf4 Bf7 26. Nh5 Bxh5 27. Qxh5 Re5 28. Rxe5 fxe5 29. Re1 e4 30. dxe4 dxe4 31. Rxe4 d3 32. cxd3 Qxd3 33. Qg5+ Kh8 34. Qf6+ 1-0

[Event "Gibraltar U16 op"]
[Site "Caleta"]
[Date "2017.08.18"]
[Round "1"]
[White "Lazaro Lopez, Mario"]
[Black "Zrikem, Nassim"]
[Result "0-1"]
[WhiteElo "1564"]
[BlackElo "1997"]
[PlyCount "52"]
[EventDate "2017.08.18"]
[EventType "swiss"]
[EventRounds "6"]
[EventCountry "GGB"]
[SourceTitle "CBM 180 Extra"]
[Source "ChessBase"]
[SourceDate "2017.10.06"]
[SourceVersion "1"]
[SourceVersionDate "2017.10.06"]
[SourceQuality "1"]

1. e4 e5 2. Nf3 Nc6 3. Bb5 a6 4. Ba4 Nf6 5. 0-0 b5 6. Bb3 Bc5 7. d3 d6 8. c3 0-0 9. Nbd2 Bb6 10. h3 Ne7 11. Re1 Ng6 12. Nf1 h6 13. Ng3 Be6 14. Bc2 Qd7 15. d4 Rad8 16. d5 Bxh3 17. gxh3 Qxh3 18. Nf5 Nh5 19. Nd2 Nh4 20. Nxh4 Qxh4 21. Qf3 Nf4 22. Kf1 g5 23. Re3 Bxe3 24. fxe3 g4 25. Qf2 g3 26. Qf3 g2+ 0-1

[Event "Andalucia-ch U12"]
[Site "Huelva"]
[Date "2014.04.25"]
[Round "3.6"]
[White "Lazaro Lopez, Mario"]
[Black "Merelo Garcia, Francisco"]
[Result "1-0"]
[WhiteElo "1479"]
[BlackElo "1347"]
[PlyCount "37"]
[EventDate "2014.04.25"]
[EventType "swiss"]
[EventRounds "9"]
[EventCountry "ESP"]
[SourceTitle "EXT 2024"]
[Source "ChessBase"]
[SourceDate "2023.10.10"]
[SourceVersion "1"]
[SourceVersionDate "2023.10.10"]
[SourceQuality "1"]

1. e4 e5 2. Nf3 Nc6 3. Nc3 Bc5 4. Bc4 Nf6 5. 0-0 d6 6. h3 Be6 7. Bb3 d5 8. Nxd5 Bxd5 9. exd5 Nxd5 10. Re1 Qd6 11. d4 Bxd4 12. Nxd4 0-0 13. Nb5 Qb4 14. Bxd5 Qxb5 15. c4 Qc5 16. b3 Rad8 17. Bb2 Rfe8 18. Qf3 Rf8 19. Rad1 1-0

[Event "Andalucia-ch U12"]
[Site "Huelva"]
[Date "2014.04.25"]
[Round "1.7"]
[White "Lazaro Lopez, Mario"]
[Black "Pons Lopez, Sergio"]
[Result "1-0"]
[WhiteElo "1479"]
[BlackElo "1111"]
[PlyCount "69"]
[EventDate "2014.04.25"]
[EventType "swiss"]
[EventRounds "9"]
[EventCountry "ESP"]
[SourceTitle "EXT 2024"]
[Source "ChessBase"]
[SourceDate "2023.10.10"]
[SourceVersion "1"]
[SourceVersionDate "2023.10.10"]
[SourceQuality "1"]

1. e4 e5 2. Nf3 Nc6 3. Nc3 Nf6 4. d4 d6 5. d5 Ne7 6. h3 c6 7. Bg5 h6 8. Bxf6 gxf6 9. Bc4 Qb6 10. Bb3 cxd5 11. exd5 Bf5 12. Qd2 h5 13. Qe2 Ng6 14. Qb5+ Qxb5 15. Nxb5 Rc8 16. Nxa7 Rc5 17. c4 Nf4 18. 0-0 Rg8 19. Kh1 Be4 20. Rg1 Ne2 21. Rge1 Bxf3 22. gxf3 Nf4 23. Rg1 Rxg1+ 24. Kxg1 Nxh3+ 25. Kf1 f5 26. Rc1 Bh6 27. Rc2 f6 28. Ba4+ Kf8 29. b4 Rc7 30. Nb5 Rg7 31. Nxd6 Rg1+ 32. Ke2 Nf4+ 33. Ke3 Re1+ 34. Kd2 Ng2+ 35. Kc3 1-0

[Event "Andalucia-ch U10"]
[Site "Islantilla"]
[Date "2012.04.14"]
[Round "6"]
[White "Gomez Pulido, Francisco Javier"]
[Black "Lazaro Lopez, Mario"]
[Result "1-0"]
[WhiteElo "1351"]
[BlackElo "1364"]
[PlyCount "63"]
[EventDate "2012.04.13"]
[EventType "swiss"]
[EventRounds "9"]
[EventCountry "ESP"]
[SourceTitle "CBM 148 Extra"]
[Source "ChessBase"]
[SourceDate "2012.06.22"]
[SourceVersion "1"]
[SourceVersionDate "2012.06.22"]
[SourceQuality "1"]

1. e4 e5 2. Nf3 Nc6 3. Bc4 Bc5 4. c3 Bb6 5. 0-0 Nf6 6. Re1 d6 7. d4 0-0 8. d5 Ne7 9. Bg5 Ng6 10. h3 h6 11. Be3 Bxe3 12. Rxe3 Re8 13. Nbd2 Nf4 14. Nb3 Bd7 15. Nc1 c6 16. Ne2 Nxe2+ 17. Qxe2 Qb6 18. Rd1 Rad8 19. b4 a6 20. a4 Qc7 21. dxc6 Bxc6 22. b5 axb5 23. axb5 Bd7 24. Qa2 Be6 25. Bxe6 Rxe6 26. Qb2 b6 27. Qb4 Qb7 28. Nh4 d5 29. exd5 Nxd5 30. Qg4 Rde8 31. Rg3 f6 32. Rxd5 1-0

[Event "Andalucia-ch U10"]
[Site "Islantilla"]
[Date "2012.04.14"]
[Round "5"]
[White "Lazaro Lopez, Mario"]
[Black "Lechuga Cabrero, Luis Miguel"]
[Result "0-1"]
[WhiteElo "1364"]
[BlackElo "1747"]
[PlyCount "94"]
[EventDate "2012.04.13"]
[EventType "swiss"]
[EventRounds "9"]
[EventCountry "ESP"]
[SourceTitle "CBM 148 Extra"]
[Source "ChessBase"]
[SourceDate "2012.06.22"]
[SourceVersion "1"]
[SourceVersionDate "2012.06.22"]
[SourceQuality "1"]

1. e4 e5 2. Nf3 Nc6 3. Nc3 Nf6 4. d4 exd4 5. Nd5 Nxd5 6. exd5 Bb4+ 7. Bd2 Bxd2+ 8. Qxd2 Ne7 9. Nxd4 0-0 10. Bc4 d6 11. 0-0 Bf5 12. Rfe1 Bg6 13. Rad1 Nf5 14. Nf3 Re8 15. Bb5 Rxe1+ 16. Rxe1 Qf6 17. Qe2 h6 18. c3 Bh5 19. h3 Nh4 20. Bd3 g6 21. Qe7 Nxf3+ 22. gxf3 Qxe7 23. Rxe7 Bxf3 24. Rxc7 Bxd5 25. Rd7 Bxa2 26. Rxd6 b6 27. Kh2 Kf8 28. Be4 Rb8 29. h4 Ke7 30. Rc6 Kd7 31. Rf6 h5 32. Bc2 Be6 33. Rf4 Ke7 34. Rf3 Rd8 35. Bd3 Rd5 36. b4 Re5 37. Re3 Rxe3 38. fxe3 Kd6 39. Kg2 Ke5 40. Kg3 Bf5 41. Be2 Ke4 42. Kf2 Kd5 43. Kg3 a5 44. bxa5 bxa5 45. Bb5 Kc5 46. Ba4 Kc4 47. Kf3 Kxc3 0-1